000 00414nam a2200181Ia 4500
001 18245
005 20260306171616.0
008 260306s9999||||xx |||||||||||||| ||und||
041 _aESP
082 _a658.402
_bC31
100 _aCarrión Marín, Olces
_eAUT
245 0 _aComportamiento organizacional II
260 _c2009
300 _a
_c
650 _aGEN
654 _aCAN
942 _cLIB
_dJUS
_fJUS
_2ddc
_n
999 _c18245
_d18245